[Event "DEM U10 2024"]
[Site "Willingen GER"]
[Date "2024.05.20"]
[Round "4"]
[White "König, Marius"]
[Black "Löffelholz, Jonas"]
[Result "0-1"]
[Termination "normal"]
[Board "21"]
[WhiteElo "1356"]
[BlackElo "1126"]
[WhiteClock "00:37:08"]
[BlackClock "00:40:29"]
[PlyCount "112"]
[WhiteFideId "533001812"]
[BlackFideId "34616101"]
[EventCountry "GER"]
[EventRounds "11"]
[EventType "swiss"]
[EventDate "2024.05.18"]

1. e4 {[%emt 00:00:06]} c5 {[%clk 01:15:56]} 2. Nf3 {[%clk 01:16:24]} {[%emt
00:00:03]} d6 {[%clk 01:16:23]} {[%emt 00:00:04]} 3. d4 {[%clk 01:16:50]}
{[%emt 00:00:03]} cxd4 {[%clk 01:16:49]} {[%emt 00:00:05]} 4. Nxd4 {[%clk
01:17:16]} {[%emt 00:00:04]} Nf6 {[%clk 01:17:14]} {[%emt 00:00:04]} 5. Nc3
{[%clk 01:17:39]} {[%emt 00:00:07]} a6 {[%clk 01:17:42]} {[%emt 00:00:02]} 6.
Be2 {[%clk 01:17:46]} {[%emt 00:00:23]} e5 {[%clk 01:18:07]} {[%emt 00:00:05]}
7. Nb3 {[%clk 01:18:10]} {[%emt 00:00:05]} Be7 {[%clk 01:18:32]} {[%emt
00:00:06]} 8. O-O {[%clk 01:18:28]} {[%emt 00:00:13]} O-O {[%clk 01:18:58]}
{[%emt 00:00:04]} 9. Kh1 {[%clk 01:18:51]} {[%emt 00:00:07]} Qc7 {[%clk
01:19:15]} {[%emt 00:00:13]} 10. f4 {[%clk 01:19:11]} {[%emt 00:00:10]} Rd8
{[%clk 01:19:22]} {[%emt 00:00:23]} 11. f5 {[%clk 01:18:39]} {[%emt 00:01:02]}
b6 {[%clk 01:19:14]} {[%emt 00:00:38]} 12. g4 {[%clk 01:17:41]} {[%emt
00:01:26]} Bb7 {[%clk 01:19:36]} {[%emt 00:00:09]} 13. Bf3 {[%clk 01:16:48]}
{[%emt 00:01:24]} d5 {[%emt 00:11:36]} 14. exd5 {[%clk 01:15:47]} {[%emt
00:00:14]} e4 {[%clk 01:09:10]} {[%emt 00:01:05]} 15. Nxe4 {[%clk 01:15:18]}
{[%emt 00:01:00]} Nxe4 {[%clk 01:08:25]} {[%emt 00:01:16]} 16. Bxe4 {[%clk
01:15:31]} {[%emt 00:00:16]} Qc4 {[%clk 01:07:44]} {[%emt 00:00:58]} 17. Qd3
{[%clk 01:11:59]} {[%emt 00:04:15]} Qxd3 {[%clk 01:05:40]} {[%emt 00:02:34]}
18. Bxd3 {[%clk 01:12:05]} {[%emt 00:00:24]} Rxd5 {[%clk 01:04:57]} {[%emt
00:01:13]} 19. Kg1 {[%clk 01:12:13]} {[%emt 00:00:22]} Nd7 {[%clk 01:04:40]}
{[%emt 00:00:47]} 20. Bf4 {[%clk 01:09:20]} {[%emt 00:03:24]} Re8 {[%clk
01:03:01]} {[%emt 00:02:06]} 21. Rad1 {[%clk 01:08:16]} {[%emt 00:01:36]} Nc5
{[%clk 01:03:01]} {[%emt 00:00:29]} 22. h3 {[%clk 01:07:18]} {[%emt 00:01:29]}
Nxb3 {[%clk 01:02:52]} {[%emt 00:00:40]} 23. axb3 {[%clk 01:07:17]} {[%emt
00:00:30]} Bc5+ {[%clk 01:03:06]} {[%emt 00:00:16]} 24. Kh2 {[%clk 01:07:33]}
{[%emt 00:00:14]} h6 {[%clk 01:00:08]} {[%emt 00:03:29]} 25. Rde1 {[%clk
01:06:03]} {[%emt 00:01:59]} Red8 {[%clk 00:57:41]} {[%emt 00:02:36]} 26. Be4
{[%clk 01:02:56]} {[%emt 00:03:58]} R5d7 {[%clk 00:48:27]} {[%emt 00:09:43]}
27. Bxb7 {[%clk 01:02:41]} {[%emt 00:00:46]} Rxb7 {[%clk 00:48:48]} {[%emt
00:00:10]} 28. Rd1 {[%clk 01:01:38]} {[%emt 00:01:32]} Rbd7 {[%clk 00:48:41]}
{[%emt 00:00:37]} 29. Rxd7 {[%clk 01:00:58]} {[%emt 00:01:11]} Rxd7 {[%clk
00:49:03]} {[%emt 00:00:08]} 30. Kg2 {[%clk 01:00:35]} {[%emt 00:00:52]} Re7
{[%clk 00:48:23]} {[%emt 00:01:09]} 31. Kf3 {[%clk 00:59:58]} {[%emt 00:01:09]}
g6 {[%clk 00:47:44]} {[%emt 00:01:08]} 32. Bxh6 {[%clk 00:59:13]} {[%emt
00:01:16]} Kh7 {[%clk 00:46:45]} {[%emt 00:01:24]} 33. Bf8 {[%clk 00:56:46]}
{[%emt 00:03:03]} Re3+ {[%clk 00:45:46]} {[%emt 00:01:27]} 34. Kf4 {[%clk
00:57:05]} {[%emt 00:00:12]} g5+ {[%clk 00:46:05]} {[%emt 00:00:12]} 35. Kxg5
{[%clk 00:56:52]} {[%emt 00:00:41]} Bxf8 {[%clk 00:46:34]} {[%emt 00:00:02]}
36. Rh1 {[%clk 00:49:06]} {[%emt 00:08:16]} Re2 {[%clk 00:45:45]} {[%emt
00:01:13]} 37. Kf4 {[%clk 00:42:11]} {[%emt 00:07:31]} Rxc2 {[%clk 00:46:01]}
{[%emt 00:00:13]} 38. h4 {[%clk 00:41:44]} {[%emt 00:00:57]} Rxb2 {[%clk
00:45:56]} {[%emt 00:00:35]} 39. h5 {[%clk 00:41:41]} {[%emt 00:00:33]} Rxb3
{[%clk 00:46:01]} {[%emt 00:00:26]} 40. g5 {[%clk 00:41:20]} {[%emt 00:00:51]}
Bd6+ {[%clk 00:44:11]} {[%emt 00:02:19]} 41. Kg4 {[%clk 00:41:27]} {[%emt
00:00:23]} Rg3+ {[%clk 00:44:13]} {[%emt 00:00:25]} 42. Kh4 {[%clk 00:41:39]}
{[%emt 00:00:21]} a5 {[%clk 00:44:38]} {[%emt 00:00:05]} 43. g6+ {[%clk
00:40:44]} {[%emt 00:01:25]} fxg6 {[%clk 00:44:30]} {[%emt 00:00:38]} 44. hxg6+
{[%clk 00:40:34]} {[%emt 00:00:39]} Kg7 {[%clk 00:44:06]} {[%emt 00:00:55]} 45.
Rf1 {[%clk 00:40:07]} {[%emt 00:00:57]} Kf6 {[%clk 00:44:00]} {[%emt 00:00:32]}
46. Rd1 {[%clk 00:39:07]} {[%emt 00:01:34]} Be5 {[%clk 00:41:00]} {[%emt
00:03:24]} 47. Re1 {[%clk 00:38:34]} {[%emt 00:01:08]} Rg2 {[%clk 00:38:45]}
{[%emt 00:02:41]} 48. Kh3 {[%clk 00:37:37]} {[%emt 00:01:31]} Rg5 {[%clk
00:38:55]} {[%emt 00:00:20]} 49. Kh4 {[%clk 00:37:18]} {[%emt 00:00:46]} Bg3+
{[%clk 00:39:17]} {[%emt 00:00:12]} 50. Kh3 {[%clk 00:37:33]} {[%emt 00:00:14]}
Bxe1 {[%clk 00:39:41]} {[%emt 00:00:07]} 51. Kh2 {[%emt 00:00:54]} Kxf5 {[%emt
00:00:08]} 52. Kh3 {[%clk 00:36:36]} {[%emt 00:00:25]} Kf4 {[%clk 00:39:59]}
{[%emt 00:00:12]} 53. g7 {[%clk 00:36:48]} {[%emt 00:00:18]} Kf3 {[%clk
00:40:06]} {[%emt 00:00:23]} 54. Kh2 {[%clk 00:36:31]} {[%emt 00:00:46]} Rxg7
{[%clk 00:40:08]} {[%emt 00:00:29]} 55. Kh1 {[%clk 00:36:45]} {[%emt 00:00:16]}
Kf2 {[%clk 00:40:32]} {[%emt 00:00:06]} 56. Kh2 {[%clk 00:37:08]} {[%emt
00:00:06]} Rh7 {[%clk 00:40:29]} {[%emt 00:00:03]} 0-1

[Event "DEM U10 2024"]
[Site "Willingen GER"]
[Date "2024.05.20"]
[Round "4"]
[White "Seegebrecht, Johann"]
[Black "Fabritius, Wolf"]
[Result "0-1"]
[Termination "normal"]
[Board "22"]
[WhiteElo "1421"]
[BlackElo "1426"]
[WhiteClock "01:12:58"]
[BlackClock "00:57:04"]
[PlyCount "98"]
[WhiteFideId "34655115"]
[BlackFideId "34632603"]
[EventCountry "GER"]
[EventRounds "11"]
[EventType "swiss"]
[EventDate "2024.05.18"]

1. e4 {[%clk 01:15:58]} e6 {[%clk 01:15:54]} {[%emt 00:00:07]} 2. d4 {[%clk
01:16:24]} {[%emt 00:00:04]} d5 {[%clk 01:16:18]} {[%emt 00:00:06]} 3. Bd3
{[%clk 01:16:48]} {[%emt 00:00:05]} dxe4 {[%clk 01:16:13]} {[%emt 00:00:36]} 4.
Bxe4 {[%clk 01:17:10]} {[%emt 00:00:09]} Nf6 {[%clk 01:16:21]} {[%emt
00:00:22]} 5. Bf3 {[%clk 01:17:34]} {[%emt 00:00:06]} Bd6 {[%clk 01:15:55]}
{[%emt 00:00:56]} 6. Ne2 {[%clk 01:17:47]} {[%emt 00:00:17]} O-O {[%clk
01:16:14]} {[%emt 00:00:10]} 7. O-O {[%clk 01:18:04]} {[%emt 00:00:13]} c6
{[%clk 01:15:29]} {[%emt 00:01:16]} 8. Nbc3 {[%clk 01:17:58]} {[%emt 00:00:36]}
Nbd7 {[%clk 01:15:42]} {[%emt 00:00:17]} 9. Re1 {[%clk 01:18:11]} {[%emt
00:00:16]} Qc7 {[%clk 01:15:39]} {[%emt 00:00:33]} 10. Ng3 {[%clk 01:18:13]}
{[%emt 00:00:28]} Nb6 {[%clk 01:15:12]} {[%emt 00:00:58]} 11. Bg5 {[%clk
01:16:01]} {[%emt 00:02:42]} Nfd5 {[%clk 01:14:49]} {[%emt 00:00:52]} 12. Be4
{[%clk 01:14:29]} {[%emt 00:02:02]} Be7 {[%clk 01:09:56]} {[%emt 00:05:23]} 13.
Bxe7 {[%clk 01:14:34]} {[%emt 00:00:25]} Nxe7 {[%clk 01:09:57]} {[%emt
00:00:29]} 14. Qh5 {[%clk 01:14:10]} {[%emt 00:00:53]} Ng6 {[%clk 01:09:54]}
{[%emt 00:00:34]} 15. Bxg6 {[%clk 01:14:01]} {[%emt 00:00:39]} hxg6 {[%clk
01:09:48]} {[%emt 00:00:36]} 16. Qe5 {[%clk 01:13:28]} {[%emt 00:01:03]} Qxe5
{[%clk 01:07:19]} {[%emt 00:02:59]} 17. Rxe5 {[%clk 01:13:15]} {[%emt
00:00:42]} Nd5 {[%clk 01:06:34]} {[%emt 00:01:16]} 18. Nxd5 {[%clk 01:13:13]}
{[%emt 00:00:33]} cxd5 {[%clk 01:06:52]} {[%emt 00:00:12]} 19. Rc1 {[%clk
01:11:45]} {[%emt 00:01:57]} Bd7 {[%clk 01:06:52]} {[%emt 00:00:30]} 20. c4
{[%clk 01:10:57]} {[%emt 00:01:17]} Rac8 {[%clk 01:03:36]} {[%emt 00:03:47]}
21. b3 {[%clk 01:10:17]} {[%emt 00:01:10]} b5 {[%clk 01:03:33]} {[%emt
00:00:33]} 22. Ne2 {[%clk 01:08:49]} {[%emt 00:01:58]} bxc4 {[%clk 01:01:02]}
{[%emt 00:03:01]} 23. bxc4 {[%clk 01:09:06]} {[%emt 00:00:12]} Rxc4 {[%clk
01:00:30]} {[%emt 00:01:03]} 24. Rxc4 {[%clk 01:09:29]} {[%emt 00:00:08]} dxc4
{[%clk 01:00:47]} {[%emt 00:00:13]} 25. Ra5 {[%clk 01:09:45]} {[%emt 00:00:13]}
Ra8 {[%clk 00:59:14]} {[%emt 00:02:04]} 26. Rc5 {[%clk 01:09:55]} {[%emt
00:00:19]} Rc8 {[%clk 00:59:28]} {[%emt 00:00:16]} 27. f3 {[%clk 01:09:48]}
{[%emt 00:00:37]} Rxc5 {[%clk 00:59:07]} {[%emt 00:00:52]} 28. dxc5 {[%clk
01:10:08]} {[%emt 00:00:10]} Bb5 {[%clk 00:58:59]} {[%emt 00:00:38]} 29. Kf2
{[%clk 01:10:28]} {[%emt 00:00:09]} Kf8 {[%clk 00:59:17]} {[%emt 00:00:13]} 30.
Ke3 {[%clk 01:10:50]} {[%emt 00:00:08]} Ke7 {[%clk 00:59:37]} {[%emt 00:00:10]}
31. Kd4 {[%clk 01:11:18]} {[%emt 00:00:02]} f6 {[%clk 00:58:19]} {[%emt
00:01:48]} 32. Nc3 {[%clk 01:11:33]} {[%emt 00:00:14]} a6 {[%clk 00:56:10]}
{[%emt 00:02:40]} 33. Nxb5 {[%clk 01:11:13]} {[%emt 00:00:49]} axb5 {[%clk
00:56:32]} {[%emt 00:00:09]} 34. a3 {[%clk 01:11:37]} {[%emt 00:00:06]} Kd7
{[%clk 00:56:49]} {[%emt 00:00:12]} 35. g4 {[%clk 01:11:46]} {[%emt 00:00:21]}
g5 {[%clk 00:56:43]} {[%emt 00:00:36]} 36. h3 {[%clk 01:11:53]} {[%emt
00:00:23]} g6 {[%clk 00:56:37]} {[%emt 00:00:36]} 37. a4 {[%clk 01:11:12]}
{[%emt 00:01:11]} bxa4 {[%clk 00:56:34]} {[%emt 00:00:34]} 38. Kxc4 {[%clk
01:11:33]} {[%emt 00:00:08]} a3 {[%clk 00:56:53]} {[%emt 00:00:12]} 39. Kb3
{[%clk 01:11:51]} {[%emt 00:00:12]} Kc6 {[%clk 00:57:05]} {[%emt 00:00:18]} 40.
Kxa3 {[%clk 01:12:12]} {[%emt 00:00:08]} Kxc5 {[%clk 00:57:23]} {[%emt
00:00:12]} 41. Kb2 {[%clk 01:12:34]} {[%emt 00:00:09]} Kd4 {[%clk 00:57:41]}
{[%emt 00:00:12]} 42. Kb3 {[%clk 01:12:19]} {[%emt 00:00:45]} Ke3 {[%clk
00:57:58]} {[%emt 00:00:13]} 43. Kc4 {[%clk 01:12:40]} {[%emt 00:00:09]} Kxf3
{[%clk 00:58:14]} {[%emt 00:00:14]} 44. Kc5 {[%clk 01:13:03]} {[%emt 00:00:06]}
Kg3 {[%clk 00:58:14]} {[%emt 00:00:30]} 45. Kd6 {[%clk 01:13:24]} {[%emt
00:00:10]} Kxh3 {[%clk 00:58:27]} {[%emt 00:00:15]} 46. Kxe6 {[%clk 01:13:46]}
{[%emt 00:00:08]} Kxg4 {[%clk 00:58:15]} {[%emt 00:00:43]} 47. Kxf6 {[%clk
01:14:12]} {[%emt 00:00:05]} Kf4 {[%clk 00:58:25]} {[%emt 00:00:20]} 48. Kxg6
{[%clk 01:14:33]} {[%emt 00:00:08]} g4 {[%clk 00:58:40]} {[%emt 00:00:16]} 49.
Kh5 {[%clk 01:12:58]} {[%emt 00:02:04]} g3 {[%clk 00:57:04]} {[%emt 00:02:06]}
0-1

[Event "DEM U10 2024"]
[Site "Willingen GER"]
[Date "2024.05.20"]
[Round "4"]
[White "Menke, Xaver Louis"]
[Black "Romberg, Moritz"]
[Result "1-0"]
[Termination "normal"]
[Board "23"]
[WhiteElo "1324"]
[BlackElo "1054"]
[WhiteClock "01:03:01"]
[BlackClock "00:55:25"]
[PlyCount "51"]
[WhiteFideId "34663134"]
[BlackFideId "34676600"]
[EventCountry "GER"]
[EventRounds "11"]
[EventType "swiss"]
[EventDate "2024.05.18"]

1. e4 {[%clk 01:15:58]} {[%emt 00:00:02]} e5 {[%clk 01:15:54]} {[%emt
00:00:07]} 2. Nf3 {[%clk 01:15:45]} {[%emt 00:00:39]} Nc6 {[%clk 01:16:19]}
{[%emt 00:00:09]} 3. Bc4 {[%clk 01:15:06]} {[%emt 00:01:09]} Nf6 {[%clk
01:16:40]} {[%emt 00:00:08]} 4. d3 {[%clk 01:15:19]} {[%emt 00:00:18]} d5
{[%clk 01:16:57]} {[%emt 00:00:13]} 5. exd5 {[%clk 01:14:58]} {[%emt 00:00:51]}
Nxd5 {[%clk 01:17:08]} {[%emt 00:00:18]} 6. Bg5 {[%clk 01:14:37]} {[%emt
00:00:51]} f6 {[%clk 01:15:59]} {[%emt 00:01:40]} 7. Be3 {[%clk 01:14:08]}
{[%emt 00:00:58]} Nxe3 {[%clk 01:14:52]} {[%emt 00:01:38]} 8. fxe3 {[%clk
01:13:46]} {[%emt 00:00:52]} Bc5 {[%clk 01:14:47]} {[%emt 00:00:34]} 9. Qe2
{[%clk 01:13:30]} {[%emt 00:00:46]} Bg4 {[%clk 01:14:29]} {[%emt 00:00:47]} 10.
h3 {[%clk 01:12:50]} {[%emt 00:01:03]} Bh5 {[%clk 01:13:21]} {[%emt 00:01:45]}
11. g4 {[%emt 00:02:09]} Bf7 {[%clk 01:12:30]} {[%emt 00:00:03]} 12. Bxf7+
{[%clk 01:12:17]} {[%emt 00:00:43]} Kxf7 {[%clk 01:12:53]} {[%emt 00:00:07]}
13. Nbd2 {[%clk 01:11:18]} {[%emt 00:01:29]} b5 {[%clk 01:11:59]} {[%emt
00:01:25]} 14. Nh4 {[%clk 01:10:29]} {[%emt 00:01:16]} Nb4 {[%clk 01:11:51]}
{[%emt 00:00:41]} 15. Kd1 {[%clk 01:10:18]} {[%emt 00:00:39]} g6 {[%clk
01:11:07]} {[%emt 00:01:16]} 16. Qf3 {[%clk 01:10:27]} {[%emt 00:00:18]} Re8
{[%clk 01:09:56]} {[%emt 00:01:42]} 17. c3 {[%clk 01:10:32]} {[%emt 00:00:24]}
Nxd3 {[%clk 01:09:17]} {[%emt 00:01:11]} 18. Kc2 {[%clk 01:08:10]} {[%emt
00:02:53]} a5 {[%clk 01:05:30]} {[%emt 00:04:17]} 19. g5 {[%clk 01:06:53]}
{[%emt 00:01:43]} f5 {[%clk 01:05:26]} {[%emt 00:00:37]} 20. e4 {[%clk
01:05:25]} {[%emt 00:01:47]} Qxg5 {[%clk 01:02:09]} {[%emt 00:03:57]} 21. Qxd3
{[%clk 01:04:59]} {[%emt 00:00:57]} Qxh4 {[%clk 01:01:45]} {[%emt 00:00:53]}
22. Qd5+ {[%clk 01:05:02]} {[%emt 00:00:28]} Kf6 {[%clk 00:58:38]} {[%emt
00:03:37]} 23. Qxc5 {[%clk 01:04:51]} {[%emt 00:00:41]} Red8 {[%clk 00:55:27]}
{[%emt 00:03:39]} 24. Qc6+ {[%clk 01:04:34]} {[%emt 00:00:50]} Rd6 {[%clk
00:55:13]} {[%emt 00:00:44]} 25. Qxa8 {[%clk 01:03:46]} {[%emt 00:01:17]} Qf2
{[%clk 00:55:25]} {[%emt 00:00:18]} 26. Rad1 {[%clk 01:03:01]} {[%emt
00:01:12]} 1-0

[Event "DEM U10 2024"]
[Site "Willingen GER"]
[Date "2024.05.20"]
[Round "4"]
[White "Dintinger, Ata Lucien"]
[Black "Chychkan, Pavlo"]
[Result "1-0"]
[Termination "normal"]
[Board "24"]
[WhiteElo "1096"]
[BlackElo "1323"]
[WhiteClock "01:02:51"]
[BlackClock "00:46:59"]
[PlyCount "85"]
[WhiteFideId "34654550"]
[BlackFideId "533001758"]
[EventCountry "GER"]
[EventRounds "11"]
[EventType "swiss"]
[EventDate "2024.05.18"]

1. e4 {[%clk 01:15:58]} {[%emt 00:00:02]} e5 {[%clk 01:15:53]} {[%emt
00:00:08]} 2. Nc3 {[%clk 01:16:23]} {[%emt 00:00:05]} Bc5 {[%clk 01:16:14]}
{[%emt 00:00:09]} 3. f4 {[%clk 01:16:41]} {[%emt 00:00:12]} exf4 {[%clk
01:16:32]} {[%emt 00:00:11]} 4. Nf3 {[%clk 01:16:55]} {[%emt 00:00:16]} Nc6
{[%clk 01:16:18]} {[%emt 00:00:44]} 5. d4 {[%clk 01:17:01]} {[%emt 00:00:23]}
Bb4 {[%clk 01:15:58]} {[%emt 00:00:50]} 6. Bxf4 {[%clk 01:17:17]} {[%emt
00:00:14]} h6 {[%clk 01:15:40]} {[%emt 00:00:48]} 7. Bc4 {[%clk 01:17:34]}
{[%emt 00:00:13]} Nf6 {[%clk 01:15:54]} {[%emt 00:00:17]} 8. e5 {[%clk
01:17:30]} {[%emt 00:00:34]} d5 {[%clk 01:15:54]} {[%emt 00:00:29]} 9. Bb3
{[%clk 01:16:15]} {[%emt 00:01:46]} Ne4 {[%clk 01:15:56]} {[%emt 00:00:27]} 10.
Bd2 {[%clk 01:16:13]} {[%emt 00:00:31]} Bxc3 {[%clk 01:14:55]} {[%emt
00:01:32]} 11. Bxc3 {[%clk 01:16:11]} {[%emt 00:00:32]} Be6 {[%clk 01:14:04]}
{[%emt 00:01:22]} 12. Qd3 {[%clk 01:13:54]} {[%emt 00:02:47]} Qd7 {[%clk
01:10:46]} {[%emt 00:03:47]} 13. h3 {[%clk 01:12:33]} {[%emt 00:01:51]} Qe7
{[%clk 01:10:26]} {[%emt 00:00:50]} 14. h4 {[%clk 01:09:58]} {[%emt 00:03:05]}
O-O-O {[%clk 01:04:44]} {[%emt 00:06:12]} 15. Qe3 {[%clk 01:09:48]} {[%emt
00:00:40]} a6 {[%clk 01:03:49]} {[%emt 00:01:25]} 16. O-O-O {[%clk 01:10:04]}
{[%emt 00:00:13]} Nb4 {[%clk 01:01:09]} {[%emt 00:03:11]} 17. Nd2 {[%clk
01:09:50]} {[%emt 00:00:44]} Bf5 {[%clk 01:00:49]} {[%emt 00:00:49]} 18. Bxb4
{[%clk 01:08:41]} {[%emt 00:01:39]} Qxb4 {[%clk 01:00:59]} {[%emt 00:00:21]}
19. Bxd5 {[%clk 01:08:49]} {[%emt 00:00:22]} Nxd2 {[%clk 01:00:42]} {[%emt
00:00:47]} 20. Bxb7+ {[%clk 01:07:47]} {[%emt 00:01:32]} Qxb7 {[%clk 01:00:17]}
{[%emt 00:00:55]} 21. Rxd2 {[%clk 01:08:05]} {[%emt 00:00:12]} Qc6 {[%clk
00:59:29]} {[%emt 00:01:18]} 22. Rf1 {[%clk 01:07:10]} {[%emt 00:01:25]} Bg6
{[%clk 00:59:22]} {[%emt 00:00:37]} 23. Qb3 {[%clk 01:06:36]} {[%emt 00:01:05]}
a5 {[%clk 00:58:49]} {[%emt 00:01:03]} 24. d5 {[%clk 01:06:30]} {[%emt
00:00:34]} Qc5 {[%clk 00:58:52]} {[%emt 00:00:28]} 25. g4 {[%clk 01:05:37]}
{[%emt 00:01:24]} Rd7 {[%clk 00:58:42]} {[%emt 00:00:35]} 26. h5 {[%clk
01:05:40]} {[%emt 00:00:32]} Bh7 {[%clk 00:59:02]} {[%emt 00:00:09]} 27. Rf4
{[%clk 01:04:09]} {[%emt 00:02:01]} Re8 {[%clk 00:57:45]} {[%emt 00:01:45]} 28.
Rc4 {[%clk 01:04:20]} {[%emt 00:00:21]} Qg1+ {[%clk 00:54:54]} {[%emt
00:03:20]} 29. Rd1 {[%clk 01:04:20]} {[%emt 00:00:32]} Qg2 {[%clk 00:54:15]}
{[%emt 00:01:06]} 30. Qb5 {[%clk 01:03:37]} {[%emt 00:01:16]} Kd8 {[%clk
00:54:05]} {[%emt 00:00:39]} 31. Qb8+ {[%clk 01:03:46]} {[%emt 00:00:22]} Ke7
{[%clk 00:54:25]} {[%emt 00:00:09]} 32. d6+ {[%clk 01:04:08]} {[%emt 00:00:08]}
cxd6 {[%clk 00:53:16]} {[%emt 00:01:39]} 33. exd6+ {[%clk 01:04:16]} {[%emt
00:00:22]} Kf8 {[%clk 00:53:02]} {[%emt 00:00:44]} 34. Qb5 {[%clk 01:01:52]}
{[%emt 00:02:55]} Rdd8 {[%clk 00:51:51]} {[%emt 00:01:40]} 35. d7 {[%clk
01:01:48]} {[%emt 00:00:35]} Re7 {[%clk 00:51:13]} {[%emt 00:01:08]} 36. Rc8
{[%clk 01:01:53]} {[%emt 00:00:24]} f6 {[%clk 00:49:40]} {[%emt 00:02:02]} 37.
Rxd8+ {[%clk 01:02:04]} {[%emt 00:00:19]} Kf7 {[%clk 00:49:41]} {[%emt
00:00:29]} 38. Qc4+ {[%clk 01:02:23]} {[%emt 00:00:12]} Re6 {[%clk 00:49:43]}
{[%emt 00:00:28]} 39. Rf8+ {[%clk 01:02:37]} {[%emt 00:00:15]} Kxf8 {[%clk
00:49:08]} {[%emt 00:01:05]} 40. d8=Q+ {[%emt 00:00:14]} Re8 {[%emt 00:00:15]}
41. Qc5+ {[%clk 01:02:16]} {[%emt 00:00:23]} Kf7 {[%clk 00:49:10]} {[%emt
00:00:28]} 42. Rd7+ {[%clk 01:02:34]} {[%emt 00:00:12]} Ke6 {[%clk 00:46:59]}
{[%emt 00:02:41]} 43. Qxe8# {[%clk 01:02:51]} {[%emt 00:00:13]} 1-0